Some account of the condition of the fabric of Llandaff cathedral chiefly from 1575 to the present time, with extracts from the act books of the chapter.
Saved in:
| Main Author: | |
|---|---|
| Format: | Book |
| Language: | English |
| Published: |
London,
Rivingtons,
1860.
|
| Edition: | 2d ed. |
| Subjects: | |
| Tags: |
Add Tag
No Tags, Be the first to tag this record!
|
| LEADER | 00719cam a2200205I 4500 | ||
|---|---|---|---|
| 001 | 005242565-7 | ||
| 005 | 20020606095253.2 | ||
| 008 | 860410s1860 enka 000 0 eng | ||
| 010 | |a 03002830 | ||
| 035 | 0 | |a ocm13415938 | |
| 040 | |a DLC |c MAH |d HFL | ||
| 050 | 0 | |a NA 5494.L7 |b O6 | |
| 100 | 1 | |a Ollivant, Alfred, |d 1798-1882. | |
| 245 | 1 | 0 | |a Some account of the condition of the fabric of Llandaff cathedral |b chiefly from 1575 to the present time, with extracts from the act books of the chapter. |c By the Bishop of Llandaff. |
| 250 | |a 2d ed. | ||
| 260 | |a London, |b Rivingtons, |c 1860. | ||
| 300 | |a 2 p. ℓ., 44 p. |b 12 pl. (part. col.; incl. front.) |c 30 cm. | ||
| 610 | 2 | 0 | |a Llandaff Cathedral. |
| 988 | |a 20020608 | ||
| 906 | |0 DLC | ||


